Responses for show #2726 - Monday, June 10, 1996

Contestants

Rosemary Webb, a retired federal employee from Bryans Road, Maryland

Jack Ramieri, a lawyer from Windsor, Ontario Canada

Bob Hunt, a trade commissioner originally from San Francisco, California (whose 1-day cash winnings total $15,100)

[next game >>]

Jeopardy! Round responses

WORLD GEOGRAPHY
COWBOY TALK
WEIGHTS & MEASURES
U.S. HISTORY
FOOD
FIRST NOVELS
(Alex: I will give you the novel, you will identify the author, if you would.)
    $100 11
Niagara Falls

Bob
    $100 21
corral

Bob
    $100 16
month

Jack
    $100 6
New York City

Bob
    $100 26
celery

Jack
    $100 1
Stephen King

Rosemary
    $200 12
(Jack: What is Guernsey?)

Jersey

BobJack
    $200 22
cook

Jack
    $200 17
league

Bob
    $200 7
War of 1812

Jack
    $200 27
lettuce

Bob
    $200 2
Theodore Dreiser

Bob
    $300 13
Belgium

Bob
    $300 23
tinhorn

Bob
    $300 18
liter

Jack
    $300 8
Teapot Dome

Bob
    $300 28
turtle

Jack
    $300 3
F. Scott Fitzgerald

Bob
    $400 14
Kathmandu

Jack
    $400 24
blaze

Bob
    $400 19
carat

Bob
    $400 9
number of justices on the U.S. Supreme Court

Jack
    $400 29
smorgasbord

Bob
    $400 4
Norman Mailer

Bob
    $500 15
Belize

Triple Stumper
    $500 25
vamoose

Rosemary
    $500 20
watt

Jack
    $600 10
(Jack: What is HUD?)

Department of Education

Jack
    $500 30
butter

Bob
    $500 5
Philip Roth

Bob

Scores at the first commercial break (after clue 15):

Bob Jack Rosemary
$2,400 $200 $100

Scores at the end of the Jeopardy! Round:

Bob Jack Rosemary
$4,900 $1,700 $600

Double Jeopardy! Round responses

1601
COLLEGES & UNIVERSITIES
ART & ARTISTS
HEALTH & MEDICINE
THE BIBLE
BENs & JERRYs
    $200 2
tapestries

Rosemary
    $200 7
Alaska

Jack
    $200 12
Vincent van Gogh

Rosemary
    $200 21
twins

Bob
    $200 26
Luke

Rosemary
    $200 1
Jerry Garcia

Bob
    $400 3
coffee

Bob
    $400 8
George Washington

Rosemary
    $400 13
Ronald Reagan

Rosemary
    $400 22
lungs

Rosemary
    $400 27
Paul

Bob
    $400 17
Jerry Seinfeld

Rosemary
    $600 4
Tower of London

Bob
    $600 9
Maine

Jack
    $600 14
Martin Luther

Rosemary
    $600 23
glaucoma

Jack
    $600 28
Stephen

Bob
    $600 18
Ben Kingsley

Bob
    $800 5
royal astronomer

Jack
    $800 10
Florida

Rosemary
    $1,000 15
Hieronymus Bosch

Rosemary
    $800 24
leukemia

Bob
    $800 29
Jezebel

Bob
    $800 19
Ben Gazzara

Rosemary
    $1000 6
John Donne

Rosemary
    $1000 11
Alabama

Rosemary
    $1000 16
Jasper Johns

Triple Stumper
    $1000 25
Prozac

Rosemary
    $1,000 30
(Bob: Who is Belshazzar?)

Nebuchadnezzar

Bob
    $1000 20
Ben Hecht

Bob

Scores at the end of the Double Jeopardy! Round:

Bob Jack Rosemary
$9,500 $3,900 $9,000

[wagering suggestions for these scores]

Final Jeopardy! Round responses

FAMOUS WOMEN
JackWho is Martha Washington Madison?
$0
RosemaryWho was Abigail Adams?
$6,000
BobWho was Dolley Madison?
$8,600
Dolley Madison

Final scores:

Bob Jack Rosemary
$18,100 $3,900 $3,000
2-day champion: $33,200 2nd place: Personal computer system 3rd place

Game dynamics:

Coryat scores:

Bob Jack Rosemary
$10,500 $4,500 $8,800
27 R,
1 W
(including 1 DD)
13 R,
2 W
(including 1 DD)
16 R
(including 1 DD),
0 W

Combined Coryat: $23,800

The J! Archive is created by fans, for fans. Scraping, republication, monetization, and malicious use prohibited; this site may use cookies and collect identifying information. See terms. The Jeopardy! game show and all elements thereof, including but not limited to copyright and trademark thereto, are the property of Jeopardy Productions, Inc. and are protected under law. This website is not affiliated with, sponsored by, or operated by Jeopardy Productions, Inc. Join the discussion at JBoard.tv.